|
|
|
|
| LEADER |
00000nam0a2200000 4500 |
| 001 |
139369 |
| 005 |
20231031141720.0 |
| 035 |
|
|
|a (RuTPU)RU\TPU\book\150976
|
| 090 |
|
|
|a 139369
|
| 100 |
|
|
|a 20080606d1985 m y0rusy50 ca
|
| 101 |
0 |
|
|a rus
|
| 102 |
|
|
|a RU
|
| 105 |
|
|
|a a z 001zy
|
| 200 |
1 |
|
|a Энергосберегающие режимы электроснабжения горнодобывающих предприятий
|f А. В. Праховник, В. П. Розен, В. В. Дегтярев
|
| 210 |
|
|
|a Москва
|c Недра
|d 1985
|
| 215 |
|
|
|a 232 с.
|c ил.
|
| 320 |
|
|
|a Библиогр.: с. 229-230.
|
| 610 |
1 |
|
|a горнодобывающие предприятия
|
| 610 |
1 |
|
|a электропотребление
|
| 610 |
1 |
|
|a регулирование
|
| 610 |
1 |
|
|a нормирование
|
| 610 |
1 |
|
|a электрические нагрузки
|
| 610 |
1 |
|
|a управление
|
| 610 |
1 |
|
|a технические средства
|
| 675 |
|
|
|a 622.012:658.26
|v 3
|
| 700 |
|
1 |
|a Праховник
|b А. В.
|g Артур Вениаминович
|
| 701 |
|
1 |
|a Розен
|b В. П.
|g Виктор Петрович
|
| 701 |
|
1 |
|a Дегтярев
|b В. В.
|g Валерий Викторович
|
| 801 |
|
1 |
|a RU
|b 63413507
|c 20080606
|g PSBO
|
| 801 |
|
2 |
|a RU
|b 63413507
|c 20090114
|g PSBO
|
| 942 |
|
|
|c BK
|